[Event "Deutsche Ländermeisterschaft 2021"]
[Site "Neumünster GER"]
[Date "2021.10.04"]
[Round "4"]
[White "Gutkin, Ilya"]
[Black "Musiolik, David"]
[Result "1-0"]
[Termination "normal"]
[Board "3.2"]
[WhiteTitle "FM"]
[WhiteElo "2300"]
[BlackElo "2200"]
[WhiteClock "00:17:40"]
[BlackClock "00:09:30"]
[WhiteTeam "Nordrhein-Westfalen"]
[BlackTeam "Rheinland-Pfalz"]
[PlyCount "123"]
[WhiteFideId "16203470"]
[BlackFideId "12972355"]
[EventCountry "GER"]
[EventRounds "7"]
[EventType "team-swiss"]
[EventDate "2021.10.01"]

1. Nf3 {[%clk 1:30:50]} Nf6 {[%clk 1:30:55]} 2. g3 {[%clk 1:31:17]} d5 {[%clk
1:31:06]} 3. Bg2 {[%clk 1:31:42]} e6 {[%clk 1:31:29]} 4. d4 {[%clk 1:32:05]}
Be7 {[%clk 1:31:50]} 5. c4 {[%clk 1:32:29]} O-O {[%clk 1:32:06]} 6. Qc2 {[%clk
1:32:56]} dxc4 {[%clk 1:18:59]} 7. Qxc4 {[%clk 1:32:17]} a6 {[%clk 1:17:11]} 8.
Bf4 {[%clk 1:32:30]} Nd5 {[%clk 1:15:35]} 9. Nc3 {[%clk 1:32:36]} b5 {[%clk
1:12:46]} 10. Qd3 {[%clk 1:30:09]} Bb7 {[%clk 1:06:04]} 11. Rc1 {[%clk
1:12:07]} Ra7 {[%clk 0:57:44]} 12. O-O {[%clk 1:05:24]} Nd7 {[%clk 0:48:13]}
13. Ne5 {[%clk 0:43:37]} Nxe5 {[%clk 0:25:11]} 14. Bxe5 {[%clk 0:42:53]} Nxc3
{[%clk 0:24:50]} 15. Rxc3 {[%clk 0:17:21]} Bxg2 {[%clk 0:23:52]} 16. Kxg2
{[%clk 0:17:47]} Qd5+ {[%clk 0:23:36]} 17. e4 {[%clk 0:18:10]} Qxa2 {[%clk
0:23:00]} 18. d5 {[%clk 0:13:33]} exd5 {[%clk 0:12:30]} 19. exd5 {[%clk
0:13:57]} Rd8 {[%clk 0:10:48]} 20. Rd1 {[%clk 0:14:19]} c5 {[%clk 0:07:16]} 21.
d6 {[%clk 0:10:32]} Bf8 {[%clk 0:06:48]} 22. Rxc5 {[%clk 0:08:26]} Rad7 {[%clk
0:06:34]} 23. b3 {[%clk 0:07:20]} Qa3 {[%clk 0:05:23]} 24. Qd5 {[%clk 0:06:58]}
h6 {[%clk 0:03:01]} 25. Rc7 {[%clk 0:03:14]} Qb4 {[%clk 0:02:12]} 26. Rd4
{[%clk 0:01:12]} Qe1 {[%clk 0:02:28]} 27. Rxd7 {[%clk 0:00:34]} Rxd7 {[%clk
0:02:56]} 28. Re4 {[%clk 0:00:40]} Qa5 {[%clk 0:02:04]} 29. Qc6 {[%clk
0:00:46]} Qd8 {[%clk 0:02:13]} 30. Qxa6 {[%clk 0:00:39]} Bxd6 {[%clk 0:00:52]}
31. Bxd6 {[%clk 0:01:05]} Rxd6 {[%clk 0:01:18]} 32. Qxb5 {[%clk 0:01:27]} Kh7
{[%clk 0:00:47]} 33. Qf5+ {[%clk 0:01:49]} Kg8 {[%clk 0:00:58]} 34. Rc4 {[%clk
0:01:45]} g6 {[%clk 0:00:58]} 35. Qc8 {[%clk 0:01:35]} Qxc8 {[%clk 0:00:52]}
36. Rxc8+ {[%clk 0:01:59]} Kg7 {[%clk 0:01:19]} 37. Rc2 {[%clk 0:02:21]} Kf6
{[%clk 0:01:21]} 38. b4 {[%clk 0:02:25]} Ke5 {[%clk 0:01:21]} 39. Re2+ {[%clk
0:02:18]} Kf5 {[%clk 0:01:05]} 40. Kf3 {[%clk 0:00:49]} Rd7 {[%clk 0:00:36]}
41. g4+ {[%clk 0:24:25]} Kf6 {[%clk 0:29:27]} 42. b5 {[%clk 0:21:11]} Rb7
{[%clk 0:26:40]} 43. Rb2 {[%clk 0:21:28]} Ke5 {[%clk 0:26:48]} 44. b6 {[%clk
0:20:49]} g5 {[%clk 0:13:16]} 45. Ke3 {[%clk 0:19:53]} Kd5 {[%clk 0:12:47]} 46.
f4 {[%clk 0:18:23]} Re7+ {[%clk 0:11:29]} 47. Kd3 {[%clk 0:17:35]} Rb7 {[%clk
0:11:47]} 48. fxg5 {[%clk 0:17:20]} hxg5 {[%clk 0:12:13]} 49. h3 {[%clk
0:17:07]} Kd6 {[%clk 0:09:35]} 50. Kd4 {[%clk 0:17:08]} f6 {[%clk 0:08:43]} 51.
Rb3 {[%clk 0:16:57]} Kc6 {[%clk 0:07:51]} 52. Kc4 {[%clk 0:16:22]} Rb8 {[%clk
0:07:43]} 53. b7 {[%clk 0:16:24]} Kd6 {[%clk 0:08:06]} 54. Rb6+ {[%clk
0:15:34]} Kc7 {[%clk 0:08:27]} 55. Kc5 {[%clk 0:15:30]} Kd7 {[%clk 0:08:19]}
56. Rb2 {[%clk 0:15:52]} Kc7 {[%clk 0:08:41]} 57. Rb3 {[%clk 0:16:15]} Re8 58.
b8=Q+ {[%clk 0:16:28]} Rxb8 {[%clk 0:08:23]} 59. Rxb8 {[%clk 0:16:52]} Kxb8
{[%clk 0:08:48]} 60. Kd6 {[%clk 0:17:18]} f5 {[%clk 0:09:09]} 61. gxf5 {[%clk
0:17:40]} Kc8 {[%clk 0:09:30]} 62. Ke7 1-0

[Event "Deutsche Ländermeisterschaft 2021"]
[Site "Neumünster GER"]
[Date "2021.10.04"]
[Round "4"]
[White "Hinrichs, Paul"]
[Black "Runte, Moritz"]
[Result "0-1"]
[Termination "normal"]
[Board "3.3"]
[WhiteElo "2244"]
[BlackElo "2151"]
[WhiteClock "00:13:47"]
[BlackClock "00:33:18"]
[WhiteTeam "Rheinland-Pfalz"]
[BlackTeam "Nordrhein-Westfalen"]
[PlyCount "58"]
[WhiteFideId "12942545"]
[BlackFideId "12991449"]
[EventCountry "GER"]
[EventRounds "7"]
[EventType "team-swiss"]
[EventDate "2021.10.01"]

1. d4 {[%clk 1:30:57]} d5 {[%clk 1:30:42]} 2. c4 {[%clk 1:31:22]} c6 {[%clk
1:30:57]} 3. Nc3 {[%clk 1:31:42]} Nf6 {[%clk 1:31:13]} 4. Nf3 {[%clk 1:31:56]}
e6 {[%clk 1:31:16]} 5. e3 {[%clk 1:32:07]} Nbd7 {[%clk 1:31:28]} 6. Bd3 {[%clk
1:32:25]} dxc4 {[%clk 1:31:42]} 7. Bxc4 {[%clk 1:32:40]} b5 {[%clk 1:31:41]} 8.
Bd3 {[%clk 1:31:28]} Bd6 {[%clk 1:31:50]} 9. O-O {[%clk 1:31:04]} O-O {[%clk
1:31:56]} 10. e4 {[%clk 1:30:02]} e5 {[%clk 1:31:46]} 11. Bg5 {[%clk 1:27:20]}
h6 {[%clk 1:31:30]} 12. Bh4 {[%clk 1:27:36]} exd4 {[%clk 1:31:06]} 13. Nxd4
{[%clk 1:26:47]} Ne5 {[%clk 1:30:50]} 14. Be2 {[%clk 1:21:32]} b4 {[%clk
1:30:07]} 15. Na4 {[%clk 1:18:53]} Ng6 {[%clk 1:25:55]} 16. Nxc6 {[%clk
1:04:15]} Qc7 {[%clk 1:11:11]} 17. Bxf6 {[%clk 1:02:37]} Qxc6 {[%clk 1:06:50]}
18. e5 {[%clk 0:49:38]} Bxe5 {[%clk 1:03:09]} 19. Bxe5 {[%clk 0:33:57]} Nxe5
{[%clk 1:03:22]} 20. f4 {[%clk 0:32:29]} Bb7 {[%clk 0:56:49]} 21. Rf2 {[%clk
0:32:18]} Ng6 {[%clk 0:55:24]} 22. Bf3 {[%clk 0:26:48]} Qb5 {[%clk 0:54:56]}
23. Bxb7 {[%clk 0:26:22]} Qxb7 {[%clk 0:53:38]} 24. Nc5 {[%clk 0:25:04]} Qb5
{[%clk 0:51:16]} 25. Ne4 {[%clk 0:22:46]} Rad8 {[%clk 0:44:53]} 26. Qc2 {[%clk
0:21:33]} Rd4 {[%clk 0:39:08]} 27. g3 {[%clk 0:16:29]} Re8 {[%clk 0:34:22]} 28.
Qc5 {[%clk 0:15:29]} Qd7 {[%clk 0:33:20]} 29. Re2 {[%clk 0:13:47]} Rdxe4 {[%clk
0:33:18]} 0-1

[Event "Deutsche Ländermeisterschaft 2021"]
[Site "Neumünster GER"]
[Date "2021.10.04"]
[Round "4"]
[White "Bashylina, Luisa"]
[Black "Reitz, Theresa"]
[Result "1/2-1/2"]
[Termination "normal"]
[Board "3.4"]
[WhiteTitle "WCM"]
[WhiteElo "2000"]
[BlackElo "1848"]
[WhiteClock "00:02:28"]
[BlackClock "00:24:32"]
[WhiteTeam "Nordrhein-Westfalen"]
[BlackTeam "Rheinland-Pfalz"]
[PlyCount "87"]
[WhiteFideId "12983292"]
[BlackFideId "12971901"]
[EventCountry "GER"]
[EventRounds "7"]
[EventType "team-swiss"]
[EventDate "2021.10.01"]

1. d4 {[%clk 1:30:56]} d5 {[%clk 1:30:08]} 2. c4 {[%clk 1:31:20]} c6 {[%clk
1:30:33]} 3. Nf3 {[%clk 1:31:36]} dxc4 {[%clk 1:30:56]} 4. e3 {[%clk 1:31:08]}
b5 {[%clk 1:31:13]} 5. a4 {[%clk 1:30:50]} a5 {[%clk 1:30:28]} 6. axb5 {[%clk
1:27:15]} cxb5 {[%clk 1:30:34]} 7. b3 {[%clk 1:27:23]} e6 {[%clk 1:27:03]} 8.
bxc4 {[%clk 1:22:10]} Bb4+ {[%clk 1:26:42]} 9. Bd2 {[%clk 1:21:24]} Bxd2+
{[%clk 1:27:00]} 10. Nbxd2 {[%clk 1:21:49]} b4 {[%clk 1:26:57]} 11. c5 {[%clk
1:20:13]} Nf6 {[%clk 1:23:34]} 12. Nc4 {[%clk 1:16:52]} O-O {[%clk 1:17:27]}
13. Nb6 {[%clk 1:09:50]} Ra7 {[%clk 1:17:13]} 14. Nxc8 {[%clk 1:07:53]} Qxc8
{[%clk 1:17:31]} 15. Bd3 {[%clk 1:08:09]} Nc6 {[%clk 1:14:50]} 16. O-O {[%clk
1:06:53]} Rd8 {[%clk 1:13:12]} 17. Qc2 {[%clk 1:03:01]} Qb8 {[%clk 1:10:53]}
18. Bc4 {[%clk 0:57:16]} Nd5 {[%clk 1:01:28]} 19. Ng5 {[%clk 0:53:58]} Nf6
{[%clk 0:58:35]} 20. Rfd1 {[%clk 0:47:49]} h6 {[%clk 0:48:16]} 21. Nxe6 fxe6
{[%clk 0:44:38]} 22. Bxe6+ {[%clk 0:37:49]} Kh8 {[%clk 0:42:17]} 23. d5 {[%clk
0:37:19]} Ne5 {[%clk 0:38:52]} 24. f4 {[%clk 0:34:01]} b3 {[%clk 0:24:47]} 25.
Qc3 {[%clk 0:30:59]} a4 {[%clk 0:13:18]} 26. fxe5 {[%clk 0:24:19]} Ne4 {[%clk
0:12:37]} 27. Qd4 {[%clk 0:21:20]} Ng5 {[%clk 0:08:05]} 28. Bf5 {[%clk
0:19:28]} a3 {[%clk 0:07:59]} 29. Qc3 {[%clk 0:16:17]} a2 {[%clk 0:03:00]} 30.
Qb2 {[%clk 0:13:13]} Nf7 {[%clk 0:03:14]} 31. Rd3 {[%clk 0:11:07]} Qxe5 {[%clk
0:02:09]} 32. Qxe5 {[%clk 0:11:15]} Nxe5 {[%clk 0:02:37]} 33. Rxb3 {[%clk
0:11:35]} g6 {[%clk 0:02:48]} 34. Be6 {[%clk 0:10:23]} Nd7 {[%clk 0:02:02]} 35.
Rb5 {[%clk 0:08:45]} Nf8 {[%clk 0:00:55]} 36. Rb2 {[%clk 0:03:13]} Nxe6 {[%clk
0:01:03]} 37. dxe6 {[%clk 0:03:41]} Rda8 38. Kf2 {[%clk 0:02:12]} Kg7 {[%clk
0:00:59]} 39. Ke2 {[%clk 0:01:28]} Kf6 {[%clk 0:01:19]} 40. Rb6 {[%clk
0:01:34]} Ra5 {[%clk 0:00:57]} 41. Kd3 {[%clk 0:13:38]} Rxc5 {[%clk 0:27:51]}
42. e7+ {[%clk 0:03:38]} Kxe7 {[%clk 0:26:30]} 43. Rxg6 {[%clk 0:02:49]} Rb5
{[%clk 0:24:32]} 44. Kc2 {[%clk 0:02:28]} 1/2-1/2

[Event "Deutsche Ländermeisterschaft 2021"]
[Site "Neumünster GER"]
[Date "2021.10.04"]
[Round "4"]
[White "Yue, Qizhou"]
[Black "Müdder, Melanie"]
[Result "1-0"]
[Termination "normal"]
[Board "3.5"]
[WhiteElo "1842"]
[BlackElo "1949"]
[WhiteClock "00:06:58"]
[BlackClock "00:05:21"]
[WhiteTeam "Rheinland-Pfalz"]
[BlackTeam "Nordrhein-Westfalen"]
[PlyCount "63"]
[WhiteFideId "16273800"]
[BlackFideId "12994103"]
[EventCountry "GER"]
[EventRounds "7"]
[EventType "team-swiss"]
[EventDate "2021.10.01"]

1. e4 {[%clk 1:30:58]} c5 {[%clk 1:30:53]} 2. Nf3 {[%clk 1:31:21]} Nc6 {[%clk
1:31:16]} 3. d4 {[%clk 1:31:44]} cxd4 {[%clk 1:31:37]} 4. Nxd4 {[%clk 1:32:08]}
e5 {[%clk 1:32:02]} 5. Nb5 {[%clk 1:32:24]} d6 {[%clk 1:32:23]} 6. c4 {[%clk
1:32:41]} Be7 {[%clk 1:32:45]} 7. N5c3 {[%clk 1:32:21]} Nf6 {[%clk 1:32:30]} 8.
Bd3 {[%clk 1:32:24]} Be6 {[%clk 1:29:55]} 9. O-O {[%clk 1:30:58]} O-O {[%clk
1:29:32]} 10. Nd5 {[%clk 1:26:17]} Bxd5 {[%clk 1:22:57]} 11. cxd5 {[%clk
1:21:19]} Nb8 {[%clk 1:20:15]} 12. Nc3 {[%clk 1:16:27]} Nbd7 {[%clk 1:16:45]}
13. Be3 {[%clk 1:12:31]} Kh8 {[%clk 1:10:00]} 14. Rc1 {[%clk 1:08:18]} Ng8
{[%clk 1:02:37]} 15. Qg4 {[%clk 0:51:54]} a6 {[%clk 0:56:41]} 16. Bb1 {[%clk
0:43:45]} Bf6 {[%clk 0:48:38]} 17. g3 {[%clk 0:31:30]} Nb6 {[%clk 0:41:54]} 18.
b3 {[%clk 0:28:18]} Qd7 {[%clk 0:39:43]} 19. Qe2 {[%clk 0:19:15]} Bd8 {[%clk
0:36:32]} 20. f4 {[%clk 0:15:22]} exf4 {[%clk 0:26:57]} 21. gxf4 {[%clk
0:15:31]} f5 {[%clk 0:23:12]} 22. exf5 {[%clk 0:14:04]} Nf6 {[%clk 0:21:06]}
23. Qg2 {[%clk 0:13:04]} Qf7 {[%clk 0:19:42]} 24. Rfd1 {[%clk 0:09:16]} Rc8
{[%clk 0:17:33]} 25. Kh1 {[%clk 0:08:40]} Qh5 {[%clk 0:15:05]} 26. Rg1 {[%clk
0:08:18]} Rg8 {[%clk 0:14:04]} 27. Bd4 {[%clk 0:07:01]} Qf7 {[%clk 0:12:32]}
28. Rce1 {[%clk 0:06:30]} Nbxd5 {[%clk 0:09:09]} 29. Nxd5 {[%clk 0:06:43]} Nxd5
{[%clk 0:04:55]} 30. Bxg7+ {[%clk 0:06:20]} Qxg7 {[%clk 0:05:02]} 31. Qxg7+
{[%clk 0:06:34]} Rxg7 {[%clk 0:05:21]} 32. Re8+ {[%clk 0:06:58]} 1-0

[Event "Deutsche Ländermeisterschaft 2021"]
[Site "Neumünster GER"]
[Date "2021.10.04"]
[Round "4"]
[White "Besou, Hussain"]
[Black "Colditz, Elias"]
[Result "1-0"]
[Termination "normal"]
[Board "3.6"]
[WhiteElo "1995"]
[BlackElo "1606"]
[WhiteClock "00:51:33"]
[BlackClock "00:25:03"]
[WhiteTeam "Nordrhein-Westfalen"]
[BlackTeam "Rheinland-Pfalz"]
[PlyCount "93"]
[WhiteFideId "16269950"]
[BlackFideId "16298039"]
[EventCountry "GER"]
[EventRounds "7"]
[EventType "team-swiss"]
[EventDate "2021.10.01"]

1. d4 {[%clk 1:30:57]} Nf6 {[%clk 1:30:52]} 2. c4 {[%clk 1:31:04]} e6 {[%clk
1:31:26]} 3. Nc3 {[%clk 1:31:06]} Bb4 {[%clk 1:23:55]} 4. Bd2 {[%clk 1:31:22]}
Bxc3 {[%clk 1:23:19]} 5. Bxc3 {[%clk 1:31:33]} d6 {[%clk 1:23:01]} 6. Qc2
{[%clk 1:31:37]} Nc6 {[%clk 1:23:01]} 7. Nf3 Qe7 8. b4 {[%clk 1:31:00]} e5
{[%clk 1:19:14]} 9. d5 {[%clk 1:30:28]} Nb8 {[%clk 1:19:12]} 10. e4 {[%clk
1:30:27]} a5 {[%clk 1:16:28]} 11. a3 {[%clk 1:29:53]} O-O {[%clk 1:13:12]} 12.
g3 {[%clk 1:22:04]} Na6 {[%clk 1:10:55]} 13. Rb1 {[%clk 1:18:52]} Bg4 {[%clk
1:01:10]} 14. Bg2 {[%clk 1:17:37]} Rfb8 {[%clk 0:59:21]} 15. O-O {[%clk
1:10:40]} b5 {[%clk 0:50:16]} 16. cxb5 {[%clk 1:08:43]} Rxb5 {[%clk 0:50:15]}
17. bxa5 {[%clk 1:08:32]} Rab8 {[%clk 0:48:16]} 18. Rxb5 {[%clk 1:08:41]} Rxb5
{[%clk 0:48:36]} 19. Rb1 {[%clk 1:07:22]} Rxb1+ {[%clk 0:42:00]} 20. Qxb1
{[%clk 1:07:44]} Nd7 {[%clk 0:38:49]} 21. Nd2 {[%clk 1:05:53]} Be2 {[%clk
0:33:31]} 22. Qb7 {[%clk 0:55:52]} Qd8 {[%clk 0:29:27]} 23. Bh3 {[%clk
0:54:17]} Ndc5 {[%clk 0:29:11]} 24. Qc8 {[%clk 0:54:29]} Qxc8 {[%clk 0:26:14]}
25. Bxc8 {[%clk 0:54:47]} Kf8 {[%clk 0:25:59]} 26. f3 {[%clk 0:54:29]} Ke7
{[%clk 0:25:29]} 27. Kf2 {[%clk 0:54:21]} Bb5 {[%clk 0:24:46]} 28. Bh3 {[%clk
0:54:26]} Kd8 {[%clk 0:17:38]} 29. Ke3 {[%clk 0:54:01]} Ke7 {[%clk 0:16:10]}
30. Bg4 {[%clk 0:44:33]} g6 {[%clk 0:15:01]} 31. h4 {[%clk 0:44:46]} Nd7 {[%clk
0:13:12]} 32. f4 {[%clk 0:44:54]} f6 {[%clk 0:10:29]} 33. h5 {[%clk 0:44:28]}
Nac5 {[%clk 0:08:55]} 34. Bd1 {[%clk 0:40:30]} f5 {[%clk 0:04:24]} 35. exf5
{[%clk 0:35:12]} gxf5 {[%clk 0:04:44]} 36. g4 {[%clk 0:30:30]} fxg4 {[%clk
0:04:12]} 37. Bxg4 {[%clk 0:30:41]} Nf6 {[%clk 0:03:51]} 38. Bf3 {[%clk
0:30:20]} Nd3 {[%clk 0:02:45]} 39. fxe5 {[%clk 0:28:42]} dxe5 {[%clk 0:02:06]}
40. h6 {[%clk 0:20:03]} Kd6 41. Ne4+ {[%clk 0:20:01]} Ke7 {[%clk 0:26:51]} 42.
Nxf6 {[%clk 0:50:23]} Kxf6 {[%clk 0:27:15]} 43. Be2 {[%clk 0:50:46]} Nf4 {[%clk
0:25:45]} 44. Bxb5 {[%clk 0:51:06]} Nxd5+ {[%clk 0:26:04]} 45. Kd2 {[%clk
0:51:28]} Ke6 {[%clk 0:25:50]} 46. a6 {[%clk 0:51:25]} Kd6 {[%clk 0:25:03]} 47.
Ba5 {[%clk 0:51:33]} 1-0

[Event "Deutsche Ländermeisterschaft 2021"]
[Site "Neumünster GER"]
[Date "2021.10.04"]
[Round "4"]
[White "Müller, Riyanna"]
[Black "Trunz, Michelle"]
[Result "0-1"]
[Termination "normal"]
[Board "3.7"]
[WhiteElo "1505"]
[BlackElo "1722"]
[WhiteClock "00:34:07"]
[BlackClock "00:29:15"]
[WhiteTeam "Rheinland-Pfalz"]
[BlackTeam "Nordrhein-Westfalen"]
[PlyCount "104"]
[WhiteFideId "16287401"]
[BlackFideId "16227980"]
[EventCountry "GER"]
[EventRounds "7"]
[EventType "team-swiss"]
[EventDate "2021.10.01"]

1. e4 {[%clk 1:30:55]} c5 {[%clk 1:30:53]} 2. c3 {[%clk 1:31:12]} d5 {[%clk
1:31:15]} 3. exd5 {[%clk 1:31:30]} Qxd5 {[%clk 1:31:36]} 4. d4 {[%clk 1:31:29]}
Nf6 {[%clk 1:31:40]} 5. Nf3 {[%clk 1:31:09]} e6 {[%clk 1:31:44]} 6. Be3 {[%clk
1:29:45]} cxd4 {[%clk 1:31:48]} 7. cxd4 {[%clk 1:29:47]} Nc6 {[%clk 1:31:15]}
8. Nc3 {[%clk 1:28:53]} Qd8 {[%clk 1:27:51]} 9. a3 {[%clk 1:27:24]} Be7 {[%clk
1:23:06]} 10. Bd3 {[%clk 1:24:50]} b6 {[%clk 1:21:50]} 11. Bb5 {[%clk 1:21:00]}
Bd7 {[%clk 1:15:23]} 12. d5 {[%clk 1:18:36]} exd5 {[%clk 1:14:09]} 13. Nxd5
{[%clk 1:16:21]} O-O {[%clk 1:06:19]} 14. Nxf6+ {[%clk 1:10:54]} Bxf6 {[%clk
1:06:13]} 15. Qd5 {[%clk 1:10:57]} Qe8 {[%clk 0:58:29]} 16. Rd1 {[%clk
1:02:03]} Rd8 {[%clk 0:55:58]} 17. O-O {[%clk 0:52:54]} Ne5 {[%clk 0:45:49]}
18. Bxd7 {[%clk 0:51:44]} Rxd7 {[%clk 0:45:06]} 19. Qb3 {[%clk 0:45:53]} Nxf3+
{[%clk 0:45:01]} 20. gxf3 {[%clk 0:46:13]} Be5 {[%clk 0:38:21]} 21. Qb4 {[%clk
0:40:27]} Qe6 {[%clk 0:35:27]} 22. b3 {[%clk 0:33:52]} Qh3 {[%clk 0:31:54]} 23.
f4 {[%clk 0:29:42]} Rxd1 {[%clk 0:30:28]} 24. Rxd1 {[%clk 0:29:34]} Qg4+ 25.
Kh1 {[%clk 0:29:53]} Qxd1+ {[%clk 0:31:05]} 26. Kg2 {[%clk 0:30:10]} Qg4+
{[%clk 0:31:09]} 27. Kf1 {[%clk 0:30:26]} Rd8 {[%clk 0:29:55]} 28. Bd2 {[%clk
0:29:51]} Qd1+ {[%clk 0:27:07]} 29. Be1 {[%clk 0:29:41]} Bf6 {[%clk 0:26:08]}
30. Kg2 Qd4 {[%clk 0:25:18]} 31. Qxd4 {[%clk 0:28:19]} Rxd4 {[%clk 0:25:40]}
32. a4 {[%clk 0:28:07]} Rxf4 {[%clk 0:25:44]} 33. Kg3 {[%clk 0:28:22]} Rd4
{[%clk 0:25:43]} 34. f3 {[%clk 0:28:37]} Bh4+ {[%clk 0:26:05]} 35. Kh3 {[%clk
0:28:56]} Bxe1 {[%clk 0:26:25]} 36. Kg2 {[%clk 0:29:18]} Rd3 {[%clk 0:26:28]}
37. Kf1 {[%clk 0:29:37]} Ba5 {[%clk 0:26:45]} 38. Ke2 {[%clk 0:29:59]} Rxb3
{[%clk 0:27:09]} 39. h4 {[%clk 0:30:21]} Rb4 {[%clk 0:27:24]} 40. Ke3 {[%clk
0:30:34]} Rxh4 {[%clk 0:27:44]} 41. f4 {[%clk 0:30:54]} Rg4 {[%clk 0:27:47]}
42. Ke4 {[%clk 0:31:11]} g6 {[%clk 0:28:02]} 43. Kd5 {[%clk 0:31:29]} h5 {[%clk
0:28:02]} 44. Kc6 {[%clk 0:31:50]} h4 {[%clk 0:28:16]} 45. Kb7 {[%clk 0:32:10]}
h3 {[%clk 0:28:39]} 46. Kxa7 {[%clk 0:32:31]} h2 {[%clk 0:28:58]} 47. Ka8
{[%clk 0:32:54]} h1=Q+ {[%clk 0:29:13]} 48. Kb8 {[%clk 0:33:13]} Qc1 {[%clk
0:29:07]} 49. Kb7 {[%clk 0:33:24]} Rxf4 {[%clk 0:29:05]} 50. Ka6 {[%clk
0:33:38]} Qc4+ {[%clk 0:28:59]} 51. Kb7 {[%clk 0:33:53]} Re4 {[%clk 0:29:03]}
52. Ka8 {[%clk 0:34:07]} Qc8+ {[%clk 0:29:15]} 0-1

[Event "Deutsche Ländermeisterschaft 2021"]
[Site "Neumünster GER"]
[Date "2021.10.04"]
[Round "4"]
[White "Holinka, Henning"]
[Black "Färber, David"]
[Result "1/2-1/2"]
[Termination "normal"]
[Board "4.1"]
[WhiteElo "2244"]
[BlackElo "2318"]
[WhiteClock "00:07:01"]
[BlackClock "00:16:57"]
[WhiteTeam "Hamburg"]
[BlackTeam "Baden"]
[PlyCount "102"]
[WhiteFideId "12967084"]
[BlackFideId "12971294"]
[EventCountry "GER"]
[EventRounds "7"]
[EventType "team-swiss"]
[EventDate "2021.10.01"]

1. e4 {[%clk 1:30:56]} c5 {[%clk 1:30:55]} 2. Nf3 {[%clk 1:31:08]} Nc6 {[%clk
1:31:07]} 3. d4 {[%clk 1:31:27]} cxd4 {[%clk 1:31:31]} 4. Nxd4 {[%clk 1:31:51]}
e6 {[%clk 1:31:45]} 5. Nc3 {[%clk 1:32:12]} Qc7 {[%clk 1:29:02]} 6. Qd3 {[%clk
1:32:11]} Nxd4 {[%clk 1:25:11]} 7. Qxd4 {[%clk 1:32:30]} a6 {[%clk 1:25:35]} 8.
Be3 {[%clk 1:31:21]} b5 {[%clk 1:24:58]} 9. a4 {[%clk 1:30:41]} b4 {[%clk
1:13:59]} 10. Na2 {[%clk 1:29:40]} e5 {[%clk 1:13:22]} 11. Qc4 {[%clk 1:17:24]}
Qxc4 {[%clk 1:07:46]} 12. Bxc4 {[%clk 1:17:32]} Bb7 {[%clk 1:08:06]} 13. f3
{[%clk 1:16:35]} Nf6 {[%clk 1:06:08]} 14. O-O-O {[%clk 1:14:34]} Rc8 {[%clk
1:02:14]} 15. b3 {[%clk 1:12:04]} Rc6 {[%clk 0:50:05]} 16. g4 {[%clk 1:02:24]}
h6 {[%clk 0:39:50]} 17. h4 {[%clk 0:49:04]} Ba8 {[%clk 0:23:27]} 18. g5 {[%clk
0:41:37]} Nh5 {[%clk 0:23:13]} 19. Rd5 {[%clk 0:38:12]} f6 {[%clk 0:15:08]} 20.
Rhd1 {[%clk 0:35:52]} Rxc4 {[%clk 0:13:46]} 21. bxc4 {[%clk 0:30:42]} Bxd5
{[%clk 0:14:10]} 22. exd5 {[%clk 0:25:23]} hxg5 {[%clk 0:11:35]} 23. hxg5
{[%clk 0:23:57]} Nf4 {[%clk 0:10:00]} 24. Bb6 {[%clk 0:18:18]} Ne2+ {[%clk
0:02:50]} 25. Kb2 {[%clk 0:16:42]} Nd4 {[%clk 0:03:14]} 26. gxf6 {[%clk
0:11:30]} gxf6 {[%clk 0:03:27]} 27. a5 {[%clk 0:04:19]} b3 {[%clk 0:00:50]} 28.
Bxd4 bxa2 {[%clk 0:01:14]} 29. Bb6 {[%clk 0:01:59]} Rh4 {[%clk 0:00:38]} 30. c5
{[%clk 0:01:07]} Rc4 {[%clk 0:00:33]} 31. d6 {[%clk 0:00:58]} f5 {[%clk
0:00:43]} 32. Kb3 {[%clk 0:01:04]} Rd4 {[%clk 0:00:57]} 33. Re1 {[%clk
0:01:03]} Bg7 {[%clk 0:00:36]} 34. Kxa2 {[%clk 0:00:58]} Kf7 {[%clk 0:00:35]}
35. Kb3 {[%clk 0:00:52]} Ke6 {[%clk 0:00:46]} 36. Rg1 {[%clk 0:00:48]} Bf6
{[%clk 0:01:07]} 37. Rg6 {[%clk 0:00:45]} Kf7 {[%clk 0:01:04]} 38. Rh6 {[%clk
0:00:53]} Bg7 {[%clk 0:00:45]} 39. c6 {[%clk 0:00:39]} dxc6 {[%clk 0:00:41]}
40. Bxd4 {[%clk 0:00:52]} Bxh6 {[%clk 0:01:04]} 41. Bxe5 {[%clk 0:00:32]} Ke6
{[%clk 0:28:07]} 42. Bg3 {[%clk 0:05:41]} Bf8 {[%clk 0:19:00]} 43. Kc4 {[%clk
0:05:15]} Bxd6 {[%clk 0:19:13]} 44. Bxd6 {[%clk 0:04:58]} Kxd6 {[%clk 0:15:43]}
45. f4 {[%clk 0:04:37]} c5 {[%clk 0:15:04]} 46. Kd3 {[%clk 0:04:57]} Kd5 {[%clk
0:14:52]} 47. c4+ {[%clk 0:05:19]} Ke6 {[%clk 0:15:17]} 48. Ke3 {[%clk
0:05:45]} Kf6 {[%clk 0:15:40]} 49. Kf3 {[%clk 0:06:11]} Kg6 {[%clk 0:16:06]}
50. Kg3 {[%clk 0:06:37]} Kh5 {[%clk 0:16:31]} 51. Kh3 {[%clk 0:07:01]} Kg6
{[%clk 0:16:57]} 1/2-1/2